00416nam a2200121Ia 4500008004100000245011400041260002400155260000900179300000700188650002300195650001200218856006400230170516s9999 xx 000 0 und d aCharacterization of fluorescent iron nanoparticles—candidates for multimodal tracking of neuronal transport bAIMS Bioengineering c2016 a:3 xMedical Technology xMedtech uhttp://www.aimspress.com/journal/Bioengineering/2016/3.html